<?xml version="1.0" encoding="UTF-8"?>
<collection xmlns="http://www.loc.gov/MARC21/slim">
 <record>
  <leader>01738nam a2200277 a 4500</leader>
  <controlfield tag="001">TVCDKTCT4154</controlfield>
  <controlfield tag="003">Thư viện trường Cao đẳng Kỹ thuật Cao Thắng</controlfield>
  <controlfield tag="005">20221007093325.000</controlfield>
  <controlfield tag="008">051117</controlfield>
  <datafield tag="980" ind1="\" ind2="\">
   <subfield code="a">Thư viện Trường CĐ Kỹ Thuật Cao Thắng</subfield>
  </datafield>
  <datafield tag="024" ind1=" " ind2=" ">
   <subfield code="a">RG_1 #1 eb1 i1</subfield>
  </datafield>
  <datafield tag="041" ind1="0" ind2="#">
   <subfield code="a">vie</subfield>
  </datafield>
  <datafield tag="082" ind1="#" ind2="#">
   <subfield code="a">621.6 / </subfield>
   <subfield code="b">B463M</subfield>
  </datafield>
  <datafield tag="100" ind1="1" ind2="#">
   <subfield code="a">Nguyễn Minh Tuyển </subfield>
   <subfield code="b">GS.TSKH</subfield>
  </datafield>
  <datafield tag="245" ind1="0" ind2="0">
   <subfield code="a">Bơm máy nén quạt trong công nghệ / </subfield>
   <subfield code="c">Nguyễn Minh Tuyển</subfield>
  </datafield>
  <datafield tag="250" ind1="#" ind2="#">
   <subfield code="a">In lần thứ 1</subfield>
  </datafield>
  <datafield tag="260" ind1="#" ind2="#">
   <subfield code="a">H. : </subfield>
   <subfield code="b">Xây dựng , </subfield>
   <subfield code="c">2005</subfield>
  </datafield>
  <datafield tag="300" ind1="#" ind2="#">
   <subfield code="a">196tr. ; </subfield>
   <subfield code="c">27cm</subfield>
  </datafield>
  <datafield tag="520" ind1="#" ind2="#">
   <subfield code="a">Bơm, máy nén , quạt là những máy rất quan trọng và có ứng dụng rộng rãi để vận chuyển nguyên liệu và năng lượng trong hệ thống công nghệ. Sự hoạt động của bơm, quạt , máy nén có ảnh hưởng lớn đến hoạt động của toàn bộ dây chuyền công nghệ, đến môi trường, đến quá trình điều khiển, đến năng suất của máy và giá thành sản phẩm. Chính  vì vậy việc hiểu biết và nắm vững nguyên lý làm việc, cấu tạo, tính toán, thiết kế, sửa chữa, lắp ghép và vận hành các máy bơm, quạt, máy nén là hết sức cần thiết</subfield>
  </datafield>
  <datafield tag="650" ind1="#" ind2="4">
   <subfield code="a">Bơm</subfield>
  </datafield>
  <datafield tag="650" ind1="#" ind2="4">
   <subfield code="a">Máy nén</subfield>
  </datafield>
  <datafield tag="650" ind1="#" ind2="4">
   <subfield code="a">Quạt</subfield>
  </datafield>
  <datafield tag="653" ind1="#" ind2="#">
   <subfield code="a">Pum, Fan and Compressor</subfield>
  </datafield>
  <datafield tag="653" ind1="#" ind2="#">
   <subfield code="a">Thermal Engineering Technology</subfield>
  </datafield>
  <datafield tag="721" ind1="#" ind2="#">
   <subfield code="a">CNKT Nhiệt lạnh</subfield>
  </datafield>
  <datafield tag="841" ind1="#" ind2="#">
   <subfield code="b">Kho Sách </subfield>
   <subfield code="j">100012430, 100012439, 100046482, 100046491, 100046492, 100046497, 100046509</subfield>
  </datafield>
 </record>
</collection>
